[Event "ICS rated blitz match"]
[Site "204.178.125.65"]
[Date "1999.07.28"]
[Round "?"]
[White "Hossa"]
[Black "matar"]
[Result "1/2-1/2"]
[WhiteElo "2433"]
[BlackElo "2221"]
[PlyCount "103"]
[EventDate "1999.??.??"]

1. e4 c5 2. Ne2 Nc6 3. Nbc3 Nf6 4. d4 cxd4 5. Nxd4 e6 6. Bg5 Bb4 7. Nxc6 bxc6
8. Qf3 Be7 9. e5 Nd5 10. Bxe7 Qxe7 11. Bc4 Nxc3 12. Qxc3 Rb8 13. O-O Qb4 14.
Qxb4 Rxb4 15. b3 Ke7 16. Rad1 f6 17. f4 Rf8 18. a3 Rb6 19. a4 a5 20. Rd6 fxe5
21. fxe5 Rxf1+ 22. Kxf1 Ba6 23. Bxa6 Rxa6 24. Kf2 Rb6 25. Ke3 Rb4 26. g3 Rg4
27. c3 h5 28. Rd2 Rg5 29. Ke4 Rf5 30. b4 Rf8 31. Kd4 Rf5 32. bxa5 d6 33. Re2
c5+ 34. Kc4 Rf8 35. exd6+ Kxd6 36. Rd2+ Kc6 37. Rb2 Ra8 38. Rb6+ Kd7 39. a6 e5
40. Kd5 Kc7 41. a5 c4 42. Kxc4 Re8 43. Rb7+ Kc6 44. Rxg7 e4 45. Kd4 e3 46. a7
e2 47. Re7 Rxe7 48. a8=Q+ Kd7 49. Qd5+ Ke8 50. Qg8+ Kd7 51. Qd5+ Ke8 52. Qg8+ {
Game drawn by mutual agreement} 1/2-1/2

[Event "ICS rated blitz match"]
[Site "204.178.125.65"]
[Date "1999.07.28"]
[Round "?"]
[White "matar"]
[Black "Hossa"]
[Result "1-0"]
[WhiteElo "2230"]
[BlackElo "2424"]
[PlyCount "46"]
[EventDate "1999.??.??"]

1. e4 b6 2. d4 Bb7 3. Bd3 e6 4. Nf3 c5 5. c3 cxd4 6. cxd4 d5 7. e5 Nc6 8. O-O
Rc8 9. Nc3 Bb4 10. Bd2 f6 11. Re1 Qe7 12. Nxd5 Qf8 13. Nf4 Bxd2 14. Nxe6 Qf7
15. Qxd2 Nge7 16. Bc4 Qg6 17. Nf4 Qh6 18. exf6 Qxf6 19. Re6 Qf5 20. Rae1 Rc7
21. d5 Rf8 22. dxc6 Ba6 23. Bxa6 23... g6 {Hossa resigns} 1-0

[Event "ICS rated blitz match"]
[Site "204.178.125.65"]
[Date "1999.07.28"]
[Round "?"]
[White "matar"]
[Black "Hossa"]
[Result "1/2-1/2"]
[WhiteElo "2244"]
[BlackElo "2410"]
[PlyCount "160"]
[EventDate "1999.??.??"]

1. e4 c5 2. Nf3 Nc6 3. Bb5 e6 4. Bxc6 bxc6 5. d3 d5 6. Nbd2 Bd6 7. b3 Ne7 8. e5
Bb8 9. O-O O-O 10. Qe1 f6 11. Bb2 fxe5 12. Nxe5 Bc7 13. Ndf3 Bb6 14. c4 Rb8 15.
Qe2 Rf5 16. Rad1 Qd6 17. Nh4 Rf4 18. g3 Rf8 19. Qg4 d4 20. Rfe1 Ba5 21. Re2 Nf5
22. Bc1 Nxh4 23. Qxh4 Rf5 24. Bf4 Rb7 25. Qg4 Qc7 26. h4 Rb4 27. h5 Rb7 28. h6
Bb6 29. Kg2 Qe7 30. hxg7 Qxg7 31. Rh1 Qxg4 32. Nxg4 Kf8 33. Bd6+ Ke8 34. Ne5
Rg7 35. Re4 Bc7 36. Bxc7 Rxc7 37. Rh6 a5 38. g4 Rf8 39. Kg3 Rg8 40. Rf4 Rgg7
41. Rff6 Ke7 42. f4 Kd6 43. g5 Rce7 44. Rf8 Bb7 45. Rhf6 Kc7 46. Kg4 Kd6 47.
Kh5 Kc7 48. R8f7 Rexf7 49. Rxf7+ Rxf7 50. Nxf7 e5 51. Nxe5 Bc8 52. Kh6 Bf5 53.
Kh5 Bc8 54. g6 hxg6+ 55. Kxg6 Kd6 56. Nf7+ Kc7 57. f5 Bd7 58. Ng5 Be8+ 59. Kg7
Kc8 60. f6 Bh5 61. f7 Bxf7 62. Nxf7 Kd7 63. Kf6 Kc7 64. Ke6 Kb7 65. Kd6 Kb6 66.
Nd8 a4 67. Ne6 axb3 68. axb3 Ka6 69. Nxc5+ Ka5 70. Ne6 Kb4 71. Nxd4 c5 72. Ne6
Kxb3 73. Nxc5+ Kb4 74. Kd5 Ka3 75. Ne4 Kb3 76. c5 Kc2 77. c6 Kd1 78. c7 Ke2 79.
c8=Q Kf1 80. Qh3+ 80... Ke2 {
matar ran out of time and Hossa has no material to mate} 1/2-1/2

[Event "ICS rated blitz match"]
[Site "204.178.125.65"]
[Date "1999.07.28"]
[Round "?"]
[White "beatchess"]
[Black "Hossa"]
[Result "0-1"]
[WhiteElo "2033"]
[BlackElo "2406"]
[PlyCount "35"]
[EventDate "1999.??.??"]

1. e4 c5 2. Nf3 Nc6 3. d4 d5 4. exd5 Qxd5 5. c3 Bg4 6. Be2 O-O-O 7. c4 Qh5 8.
d5 e6 9. Nc3 exd5 10. Nxd5 Nf6 11. O-O Nxd5 12. cxd5 Ne5 13. Bf4 Nxf3+ 14. gxf3
Bh3 15. Bc4 Bxf1 16. Kxf1 Qh4 17. Qd2 Bd6 18. Bxd6 {beatchess resigns} 0-1

[Event "ICS rated blitz match"]
[Site "204.178.125.65"]
[Date "1999.07.28"]
[Round "?"]
[White "Hossa"]
[Black "occam"]
[Result "1-0"]
[WhiteElo "2409"]
[BlackElo "2336"]
[PlyCount "123"]
[EventDate "1999.??.??"]

1. d4 d5 2. c4 e6 3. Nc3 Nf6 4. cxd5 exd5 5. Bg5 Bb4 6. Rc1 Nc6 7. e3 O-O 8.
Qf3 Re8 9. Bxf6 Qxf6 10. Qxf6 gxf6 11. Bb5 Bd7 12. Nge2 a6 13. Bxc6 Bxc6 14.
Nf4 Rad8 15. a3 Bf8 16. O-O f5 17. Rc2 a5 18. Rcc1 Rd7 19. Rce1 f6 20. Kh1 a4
21. Re2 Bh6 22. Nh5 Rd6 23. Kg1 Kh8 24. Rc1 Rc8 25. Rec2 Be8 26. Ng3 Bd7 27.
Nge2 Ra8 28. Kh1 c6 29. Rg1 Ra5 30. Na2 Bc8 31. Nb4 Bg5 32. Nd3 b6 33. Rgc1 Ba6
34. Ndf4 Bxf4 35. Nxf4 Bc4 36. Nh5 Ra8 37. Ng3 Re6 38. Rd2 f4 39. exf4 Rae8 40.
h4 R6e7 41. Nh5 Re2 42. Rcc2 R2e6 43. Rc3 R8e7 44. Re3 Rxe3 45. fxe3 Rxe3 46.
Nxf6 Re7 47. g4 Kg7 48. g5 h6 49. f5 hxg5 50. hxg5 Ba6 51. Kh2 Re1 52. Nd7 Rf1
53. f6+ Kg6 54. Rg2 Bb7 55. Ne5+ Kh5 56. g6 Bc8 57. g7 Be6 58. f7 Bxf7 59. Nxf7
Rf4 60. g8=Q Rh4+ 61. Kg3 Rg4+ 62. Qxg4# {occam checkmated} 1-0

[Event "ICS rated blitz match"]
[Site "204.178.125.65"]
[Date "1999.07.28"]
[Round "?"]
[White "Hossa"]
[Black "Tim"]
[Result "1-0"]
[WhiteElo "2422"]
[BlackElo "2332"]
[PlyCount "124"]
[EventDate "1999.??.??"]

1. d4 d5 2. c4 Nc6 3. Nc3 e5 4. cxd5 Nxd4 5. e3 Nf5 6. Bb5+ Bd7 7. Qa4 Nd6 8.
Bxd7+ Qxd7 9. Qxd7+ Kxd7 10. e4 Nf6 11. f3 Nc4 12. Nge2 Bc5 13. b3 Nd6 14. a3
a6 15. Bg5 h6 16. Bxf6 gxf6 17. b4 Ba7 18. Ra2 Nb5 19. f4 Nxc3 20. Nxc3 Bd4 21.
Ne2 Bb6 22. fxe5 fxe5 23. Rf1 Ke7 24. Ng3 a5 25. b5 a4 26. Rc2 Ra5 27. Rb2 Bc5
28. Rf3 f6 29. Nf5+ Kf7 30. Rc3 b6 31. Rg3 Rh7 32. Kd2 Ra8 33. Rf3 Rg8 34. Kd1
Rg4 35. Re2 h5 36. g3 Rg8 37. Rc2 Rg4 38. Rc4 Rh8 39. Rxa4 Rgg8 40. Ra7 Rc8 41.
Ke2 Rhd8 42. g4 hxg4 43. Nh6+ Ke7 44. Nxg4 Rg8 45. Ne3 Bxe3 46. Kxe3 Rg6 47.
Rf2 Kd6 48. Rc2 Rh6 49. Kf3 Rh3+ 50. Kg4 Re3 51. Rc6+ Kd7 52. Kf5 Rf3+ 53. Kg6
Rf4 54. d6 Rxe4 55. Raxc7+ Rxc7 56. dxc7 Kc8 57. Kxf6 Rh4 58. Kxe5 Rh5+ 59. Kd6
Rh6+ 60. Ke7 Rh7+ 61. Kf8 Rh5 62. Rxb6 62... Rxb5 {Tim resigns} 1-0

[Event "ICS Rated blitz match"]
[Site "204.178.125.65"]
[Date "1999.07.28"]
[Round "?"]
[White "occam"]
[Black "Hossa"]
[Result "1-0"]
[WhiteElo "2313"]
[BlackElo "2457"]
[PlyCount "129"]
[EventDate "1999.??.??"]

1. e4 c5 2. Nf3 Nc6 3. Bb5 e6 4. O-O Nge7 5. Nc3 d5 6. exd5 exd5 7. Re1 Bg4 8.
d4 cxd4 9. Nxd4 Qc8 10. Nxc6 bxc6 11. Bxc6+ Kd8 12. f3 Qxc6 13. fxg4 Rb8 14.
Re3 Rc8 15. Re2 Qd7 16. g5 d4 17. Ne4 Nc6 18. Bf4 Be7 19. Qd2 Re8 20. a3 Qb7
21. c3 Qb6 22. Be3 Bd6 23. Nxd6 Rxe3 24. Nxc8 Kxc8 25. Rxe3 dxe3 26. Qe2 Qc5
27. Rf1 Nd8 28. h4 Qe7 29. Re1 Qe4 30. Qxe3 Qxe3+ 31. Rxe3 Ne6 32. Kf1 Kd7 33.
Rf3 Ke7 34. Ke2 Nc7 35. Kd3 Ne8 36. Re3+ Kd7 37. Kc4 f6 38. gxf6 Nxf6 39. Re5
Ne8 40. Rh5 h6 41. Re5 Nc7 42. h5 Ne8 43. Kc5 Nc7 44. b3 Ne6+ 45. Kc4 a6 46.
Rf5 Kd6 47. Rf7 Kc6 48. a4 Kd6 49. Kb4 Kc6 50. Ka5 Kd5 51. Kxa6 Nc5+ 52. Kb5
Nxb3 53. Rd7+ Ke6 54. Rd1 Kf5 55. Kb4 Kg4 56. Kxb3 Kxh5 57. a5 Kg4 58. a6 Kg3
59. Rd7 g5 60. a7 h5 61. c4 Kxg2 62. a8=Q+ Kg3 63. Rd3+ Kf2 64. Qf3+ Ke1 65.
Rd1# {Hossa checkmated} 1-0

[Event "ICS rated blitz match"]
[Site "204.178.125.65"]
[Date "1999.07.28"]
[Round "?"]
[White "Hossa"]
[Black "kjhamster"]
[Result "1-0"]
[WhiteElo "2435"]
[BlackElo "2088"]
[PlyCount "166"]
[EventDate "1999.??.??"]

1. d4 d5 2. c4 e6 3. Nc3 c5 4. cxd5 exd5 5. Nf3 Nc6 6. g3 Nf6 7. Bg2 Be7 8. O-O
O-O 9. Bg5 cxd4 10. Nxd4 h6 11. Bf4 Bg4 12. Qa4 Qd7 13. e4 Nxd4 14. Qxd4 dxe4
15. Qxd7 Bxd7 16. Nxe4 Bc6 17. Nxf6+ Bxf6 18. Bxc6 bxc6 19. Rab1 Bd4 20. b3 c5
21. Rbd1 a5 22. Bc7 Rfc8 23. Bd6 Rc6 24. Be7 Ra7 25. Rfe1 Re6 26. Bd8 Rxe1+ 27.
Rxe1 a4 28. bxa4 Rxa4 29. Re2 c4 30. Kg2 Ba1 31. Re8+ Kh7 32. Re4 Rxa2 33. Rxc4
Rd2 34. Bb6 Rd7 35. f4 h5 36. Rc2 g6 37. h3 Kg7 38. g4 hxg4 39. hxg4 Rb7 40.
Bc5 Rd7 41. Kf3 f5 42. g5 Kf7 43. Re2 Bc3 44. Re3 Ba1 45. Kg2 Bb2 46. Re2 Ba1
47. Kg3 Bd4 48. Rd2 Bxc5 49. Rxd7+ Kg8 50. Rb7 Be3 51. Kf3 Bc1 52. Rc7 Bd2 53.
Rc6 Kf7 54. Rf6+ Kg7 55. Rb6 Kf7 56. Rb7+ Kg8 57. Rd7 Bc1 58. Kg3 Be3 59. Rc7
Bd2 60. Kf3 Kf8 61. Rh7 Kg8 62. Re7 Kf8 63. Rd7 Bc1 64. Rd6 Kf7 65. Rf6+ Kg7
66. Rd6 Kf7 67. Rd5 Kg7 68. Ra5 Kf7 69. Ra7+ Kg8 70. Kg3 Kf8 71. Ra6 Kf7 72.
Kf3 Kg7 73. Rc6 Bd2 74. Re6 Kf7 75. Ra6 Kg7 76. Ra4 Bc1 77. Rc4 Bd2 78. Ke2 Ba5
79. Rd4 Bc3 80. Rd7+ Kf8 81. Kd3 Bb2 82. Rc7 Ba3 83. Kd4 83... Bc1 {
kjhamster resigns} 1-0

[Event "ICS rated blitz match"]
[Site "204.178.125.65"]
[Date "1999.07.28"]
[Round "?"]
[White "kjhamster"]
[Black "Hossa"]
[Result "1/2-1/2"]
[WhiteElo "2084"]
[BlackElo "2439"]
[PlyCount "156"]
[EventDate "1999.??.??"]

1. d4 e6 2. c4 d5 3. Nc3 c5 4. e3 cxd4 5. exd4 Nc6 6. Nf3 Bb4 7. Bd3 Nge7 8.
O-O O-O 9. Re1 dxc4 10. Bxc4 Bd7 11. Bg5 Rc8 12. Qd3 Na5 13. Bb5 Bxb5 14. Qxb5
Bxc3 15. bxc3 b6 16. Rac1 Nc4 17. Ne5 Qe8 18. Qxe8 Rfxe8 19. Nxc4 Rxc4 20. Bxe7
Rxe7 21. d5 Kf8 22. dxe6 Rxe6 23. Rxe6 fxe6 24. Kf1 Rc5 25. Ke2 Rh5 26. h3 Re5+
27. Kd3 Rg5 28. g4 h5 29. f3 Rd5+ 30. Kc2 b5 31. Re1 hxg4 32. hxg4 e5 33. Re4
Kf7 34. a4 a6 35. axb5 axb5 36. Kb3 Kf6 37. Kb4 g5 38. Kb3 Rd3 39. Rb4 Rxf3 40.
Rxb5 e4 41. Kc2 Rg3 42. Rf5+ Kg6 43. Re5 Rxg4 44. c4 Kf6 45. Re8 Rf4 46. c5 Kf7
47. Re5 g4 48. c6 Rf6 49. Rc5 g3 50. c7 g2 51. c8=Q Rf2+ 52. Kb3 Rf3+ 53. Ka4
g1=Q 54. Rc7+ Kf6 55. Qf8+ Ke5 56. Re7+ Kd4 57. Qd8+ Kc4 58. Rc7+ Qc5 59. Rxc5+
Kxc5 60. Qe7+ Kd4 61. Qd6+ Ke3 62. Qh6+ Ke2 63. Qa6+ Rd3 64. Qc4 e3 65. Qg4+
Kd2 66. Qb4+ Rc3 67. Qb2+ Kd3 68. Qb5+ Kd2 69. Qb2+ Kd3 70. Qb5+ Kd2 71. Qb2+
Kd3 72. Qg2 e2 73. Qf3+ Kd2 74. Qf4+ Kd3 75. Qf3+ Kd2 76. Qf4+ Kd3 77. Qf3+ Kd2
78. Qf4+ 78... Kd3 {Game drawn by repetition} 1/2-1/2

[Event "ICS rated blitz match"]
[Site "204.178.125.65"]
[Date "1999.07.28"]
[Round "?"]
[White "Hossa"]
[Black "kjhamster"]
[Result "1-0"]
[WhiteElo "2427"]
[BlackElo "2094"]
[PlyCount "81"]
[EventDate "1999.??.??"]

1. d4 d5 2. c4 e6 3. Nc3 c5 4. cxd5 exd5 5. Nf3 Nf6 6. Bg5 Nc6 7. Bxf6 gxf6 8.
dxc5 d4 9. Ne4 f5 10. Ng3 Be6 11. Rc1 Qa5+ 12. Qd2 Qxa2 13. Nh5 Be7 14. Ng7+
Kd7 15. Nxd4 Nxd4 16. Qxd4+ Qd5 17. Qxd5+ Bxd5 18. Nxf5 Bf6 19. Rc2 Be4 20.
Rd2+ Kc7 21. Nd6 Bg6 22. e4 Rhd8 23. f4 b6 24. e5 Be7 25. f5 Bh5 26. f6 Bf8 27.
Bc4 bxc5 28. Bxf7 Bxf7 29. Nxf7 Rxd2 30. Kxd2 Rb8 31. Kc2 Rb4 32. Ng5 h6 33.
Ne6+ Kc6 34. Nxf8 Rf4 35. Ng6 Kd5 36. Nxf4+ Kxe5 37. f7 Kf6 38. f8=Q+ Kg5 39.
h4+ Kg4 40. Nd5 Kg3 41. Qf3# {kjhamster checkmated} 1-0

[Event "ICS Rated blitz match"]
[Site "204.178.125.65"]
[Date "1999.07.28"]
[Round "?"]
[White "counterplay"]
[Black "Hossa"]
[Result "1-0"]
[WhiteElo "2848"]
[BlackElo "2431"]
[PlyCount "140"]
[EventDate "1999.??.??"]

1. d4 e6 2. c4 Bb4+ 3. Bd2 c5 4. Nf3 Bxd2+ 5. Nbxd2 cxd4 6. Nxd4 d5 7. e3 e5 8.
N4f3 e4 9. Nd4 Ne7 10. cxd5 Qxd5 11. Qb1 f5 12. Bc4 Qe5 13. O-O Nbc6 14. N2b3
Bd7 15. Qd1 O-O-O 16. Qc2 g6 17. Rfc1 Nb4 18. Qd2 Nbc6 19. Rc2 Kb8 20. f4 Qf6
21. Qc3 Nxd4 22. Nxd4 Rhf8 23. Rac1 g5 24. fxg5 Qxg5 25. Ne2 Ka8 26. Nf4 Ng6
27. Nh3 Qh6 28. Bd5 Ne7 29. Nf4 Nxd5 30. Nxd5 Bc6 31. Nf4 Rg8 32. Qc5 Qf6 33.
Nd5 Qf8 34. Qxf8 Rdxf8 35. Ne7 Rh8 36. Nxc6 bxc6 37. Rxc6 f4 38. exf4 Rxf4 39.
Rc7 h5 40. Re7 Rb8 41. g3 Rff8 42. b3 Rfe8 43. Rcc7 Rxe7 44. Rxe7 Rb4 45. Rh7
Rb5 46. Kf2 Ra5 47. Ke3 Rxa2 48. Rxh5 Rb2 49. Kxe4 Rxb3 50. Re5 Rb2 51. h4 Rh2
52. h5 Kb7 53. g4 Kb6 54. Kf5 a5 55. Re6+ Kb5 56. Re5+ Kb4 57. Kg6 a4 58. Re4+
Kb3 59. h6 a3 60. Re3+ Kb4 61. Rxa3 Re2 62. h7 Kxa3 63. h8=Q Kb3 64. Qd4 Kc2
65. g5 Rh2 66. Qc5+ Kb3 67. Qd5+ Ka3 68. Qd6+ Kb2 69. Qxh2+ Kb3 70. Qc7 70...
Ka3 {Hossa resigns} 1-0

[Event "ICS rated blitz match"]
[Site "204.178.125.65"]
[Date "1999.07.28"]
[Round "?"]
[White "KONSAYDER"]
[Black "Hossa"]
[Result "1-0"]
[WhiteElo "2242"]
[BlackElo "2436"]
[PlyCount "65"]
[EventDate "1999.??.??"]

1. e4 c5 2. Nf3 e6 3. Nc3 d5 4. exd5 exd5 5. d4 cxd4 6. Nxd4 Bb4 7. Bb5+ Bd7 8.
O-O Bxc3 9. bxc3 Ne7 10. Ba3 O-O 11. Bxd7 Nxd7 12. Bxe7 Qxe7 13. Nf5 Qf6 14.
Qxd5 Nb6 15. Qf3 Nc4 16. Rad1 Rae8 17. Nd4 Qa6 18. Qd3 Re5 19. Nf3 Ra5 20. h4
b5 21. Ng5 Qh6 22. g3 Nb2 23. Qd8 Rxa2 24. Rd7 Qa6 25. Re1 Qa3 26. Qc7 Ra1 27.
Rxf7 Rxe1+ 28. Kg2 Rxf7 29. Qxf7+ Kh8 30. Qf5 Rg1+ 31. Kxg1 Qb3 32. cxb3 b4 33.
Qf8# {Hossa checkmated} 1-0

[Event "ICS rated blitz match"]
[Site "204.178.125.65"]
[Date "1999.07.28"]
[Round "?"]
[White "Hossa"]
[Black "sovorov2"]
[Result "1-0"]
[WhiteElo "2412"]
[BlackElo "2016"]
[PlyCount "47"]
[EventDate "1999.??.??"]

1. d4 d5 2. c4 e6 3. Nc3 c6 4. e4 dxe4 5. Nxe4 Bb4+ 6. Bd2 Bxd2+ 7. Qxd2 Nf6 8.
Nxf6+ Qxf6 9. Nf3 Nd7 10. Bd3 O-O 11. O-O Re8 12. Rae1 e5 13. dxe5 Qe7 14. Qf4
Nc5 15. Rd1 Be6 16. b3 Nxd3 17. Rxd3 Rad8 18. Rd6 h6 19. Rfd1 Qc7 20. Qh4 Rxd6
21. exd6 Qa5 22. Qe7 Qd8 23. Qxb7 Qc8 24. d7 {sovorov2 resigns} 1-0

[Event "ICS rated blitz match"]
[Site "204.178.125.65"]
[Date "1999.07.28"]
[Round "?"]
[White "sovorov2"]
[Black "Hossa"]
[Result "0-1"]
[WhiteElo "2013"]
[BlackElo "2415"]
[PlyCount "60"]
[EventDate "1999.??.??"]

1. d4 Nf6 2. c4 g6 3. Nc3 d5 4. Bg5 Ne4 5. Bh4 Nxc3 6. bxc3 c6 7. e3 Bg7 8. Nf3
Bg4 9. Qb3 Qd7 10. Rb1 Bxf3 11. gxf3 b6 12. cxd5 cxd5 13. Bb5 Nc6 14. Qa4 Rc8
15. O-O e5 16. Rfc1 O-O 17. c4 exd4 18. cxd5 Qh3 19. Bg3 Ne5 20. Bxe5 Bxe5 21.
f4 Qg4+ 22. Kf1 dxe3 23. Rxc8 Rxc8 24. fxe5 Qf3 25. Qh4 Qh1+ 26. Ke2 Qxb1 27.
Bd7 Rc2+ 28. Kxe3 Rc3+ 29. Ke2 Qd3+ 30. Ke1 30... Rc1# {sovorov2 checkmated}
0-1

[Event "ICS rated blitz match"]
[Site "204.178.125.65"]
[Date "1999.07.28"]
[Round "?"]
[White "Hossa"]
[Black "sovorov2"]
[Result "1-0"]
[WhiteElo "2418"]
[BlackElo "2010"]
[PlyCount "31"]
[EventDate "1999.??.??"]

1. d4 d5 2. c4 c6 3. Nc3 e6 4. Nf3 dxc4 5. e4 b5 6. Be2 Bb4 7. a3 Ba5 8. O-O
Nf6 9. Bg5 h5 10. e5 Nbd7 11. Ne4 Qb6 12. exf6 gxf6 13. Bxf6 Nxf6 14. Nxf6+ Ke7
15. Qc1 Kxf6 16. Qg5# {sovorov2 checkmated} 1-0

[Event "ICS rated blitz match"]
[Site "204.178.125.65"]
[Date "1999.07.28"]
[Round "?"]
[White "MissSilicon"]
[Black "Hossa"]
[Result "0-1"]
[WhiteElo "2665"]
[BlackElo "2421"]
[PlyCount "148"]
[EventDate "1999.??.??"]

1. Nf3 Nf6 2. c4 b6 3. Nc3 c5 4. d3 d5 5. Bf4 e6 6. Nb5 Na6 7. Qa4 Nd7 8. cxd5
exd5 9. Rc1 Qf6 10. Rc3 Be7 11. Bg5 Qe6 12. d4 Bxg5 13. Nxg5 Qg6 14. Re3+ Kf8
15. f4 Qb1+ 16. Qd1 Qxd1+ 17. Kxd1 cxd4 18. Rd3 Nac5 19. Rxd4 h6 20. Nf3 Bb7
21. Nd6 Bc6 22. e3 Ke7 23. Nb5 Ne4 24. Ke1 Rhc8 25. Rd1 Kf8 26. Be2 Kg8 27.
Nfd4 Ndf6 28. Nxc6 Rxc6 29. Nd4 Rc7 30. Rf1 Re8 31. Bb5 Ree7 32. Nf5 Re6 33. h3
a5 34. Rf3 Rc5 35. Nd4 Re7 36. Kf1 Nd6 37. Be2 Nfe4 38. Kg1 Re8 39. a4 Nc4 40.
Nb3 Nxb2 41. Rb1 Rc2 42. Bb5 Rec8 43. Nd4 Rc1+ 44. Rf1 Rxf1+ 45. Rxf1 Rc3 46.
Nf5 Kh7 47. Ne7 Nf6 48. Re1 Ra3 49. Bc6 Nxa4 50. Nxd5 Nxd5 51. Bxd5 Kg8 52. Bc6
Nc3 53. e4 b5 54. Re3 b4 55. Kh2 Ra1 56. Rd3 Rd1 57. Rxd1 Nxd1 58. Bd5 Nc3 59.
f5 a4 60. Bc4 b3 61. e5 Kf8 62. f6 b2 63. fxg7+ Kxg7 64. e6 b1=Q 65. e7 Qe1 66.
e8=R Qxe8 67. g3 a3 68. h4 Qa4 69. Bf1 a2 70. Bg2 a1=Q 71. h5 Q4d1 72. g4 Qd6+
73. Kh3 Ne2 74. Kh4 74... Qg3# {MissSilicon checkmated} 0-1

[Event "ICS rated blitz match"]
[Site "204.178.125.65"]
[Date "1999.07.28"]
[Round "?"]
[White "Hossa"]
[Black "heatstroke"]
[Result "0-1"]
[WhiteElo "2447"]
[BlackElo "2730"]
[PlyCount "85"]
[EventDate "1999.??.??"]

1. d4 d5 2. c4 dxc4 3. e4 e5 4. Nf3 exd4 5. Bxc4 Bb4+ 6. Nbd2 Nc6 7. O-O Be6 8.
Bxe6 fxe6 9. Qb3 Qd7 10. Ng5 Bxd2 11. Bxd2 Nd8 12. e5 Ne7 13. Qh3 Qd5 14. Nxh7
Nf7 15. f4 O-O-O 16. Rac1 Nf5 17. Rc2 d3 18. Rc3 Nd4 19. Qxd3 Nb5 20. Qg6 Qxd2
21. Qxe6+ Kb8 22. Rh3 Qd4+ 23. Kh1 Qxf4 24. Rhf3 Qxe5 25. Qxe5 Nxe5 26. Rf5
Rhe8 27. R5f2 Nd6 28. a4 Nd3 29. Rc2 Nf5 30. Rb1 Ne3 31. Re2 Nxb2 32. a5 Nbd1
33. a6 b6 34. Rc1 Ng4 35. Rxe8 Rxe8 36. Rxd1 Nf2+ 37. Kg1 Nxd1 38. h4 b5 39.
Ng5 b4 40. Nf3 b3 41. Nd2 b2 42. Kf1 Ne3+ 43. Kf2 {Hossa resigns} 0-1

[Event "ICS Rated blitz match"]
[Site "204.178.125.65"]
[Date "1999.07.28"]
[Round "?"]
[White "Hossa"]
[Black "occam"]
[Result "1-0"]
[WhiteElo "2442"]
[BlackElo "2347"]
[PlyCount "139"]
[EventDate "1999.??.??"]

1. d4 Nf6 2. c4 e6 3. Nc3 Bb4 4. Bg5 Bxc3+ 5. bxc3 h6 6. Bxf6 Qxf6 7. e4 d6 8.
Bd3 c5 9. Qf3 Nd7 10. Qxf6 Nxf6 11. Ne2 O-O 12. O-O e5 13. Rab1 Re8 14. f3 Rb8
15. a4 Ra8 16. a5 Re7 17. Rb2 h5 18. Rb5 Re8 19. Rd1 Rd8 20. Rbb1 Re8 21. Rd2
Re7 22. Rb5 Rc7 23. Rdb2 Rb8 24. R5b3 Be6 25. Rc2 Rbc8 26. d5 Bd7 27. Rcb2 Rb8
28. f4 exf4 29. Nxf4 Bc8 30. a6 b6 31. Ra3 Re7 32. Rf2 Bg4 33. h3 Bd7 34. Ra1
Rbe8 35. Raf1 Nxe4 36. Bxe4 Rxe4 37. Nxh5 R8e7 38. Rf3 f6 39. Rg3 Kh8 40. Rxf6
Be8 41. Rf8+ Kh7 42. Rxg7+ Rxg7 43. Nf6+ Kh6 44. Nxe4 Bg6 45. Nxd6 Rd7 46. Nb5
Bd3 47. Rf4 Kg5 48. g3 Bc2 49. Kg2 Ba4 50. Na3 Re7 51. h4+ Kg6 52. g4 Re1 53.
Nb5 Bxb5 54. cxb5 Re5 55. c4 Re3 56. Kf2 Rc3 57. Ke2 Rh3 58. g5 Rc3 59. d6 Rc2+
60. Ke1 Rc1+ 61. Kd2 Rh1 62. d7 Rh2+ 63. Ke3 Rh3+ 64. Rf3 Rxh4 65. d8=Q Rd4 66.
Qe8+ Kxg5 67. Qg8+ Kh4 68. Rg3 Rd3+ 69. Kxd3 Kh5 70. Qh8# {occam checkmated}
1-0

[Event "ICS Rated blitz match"]
[Site "204.178.125.65"]
[Date "1999.07.28"]
[Round "?"]
[White "counterplay"]
[Black "Hossa"]
[Result "1/2-1/2"]
[WhiteElo "2858"]
[BlackElo "2454"]
[PlyCount "84"]
[EventDate "1999.??.??"]

1. d4 Nf6 2. c4 g6 3. Nc3 d5 4. cxd5 Nxd5 5. e4 Nxc3 6. bxc3 c5 7. Bc4 Bg7 8.
Ne2 cxd4 9. cxd4 Nc6 10. Be3 Qa5+ 11. Bd2 Qh5 12. d5 Ne5 13. Bb5+ Bd7 14. Bxd7+
Nxd7 15. Rb1 Qg4 16. Ng3 Qxd1+ 17. Rxd1 e6 18. dxe6 fxe6 19. O-O Rc8 20. Be3
Rc2 21. a3 Ra2 22. Rd3 Ne5 23. Rb3 b6 24. Rd1 Nc4 25. Bc1 Bf8 26. Rc3 b5 27.
Rcd3 Be7 28. Rd7 Rf8 29. Nh1 a6 30. Ra7 Bc5 31. Rxa6 Kf7 32. Bh6 Rd8 33. Rc1
Bxa3 34. Re1 Rd7 35. Ng3 b4 36. Ra8 b3 37. Rh8 Kf6 38. e5+ Nxe5 39. Ne4+ Kf5
40. Ng3+ Kf6 41. Ne4+ Kf5 42. Ng3+ 42... Kf6 {Game drawn by repetition} 1/2-1/2

[Event "ICS Rated blitz match"]
[Site "204.178.125.65"]
[Date "1999.07.28"]
[Round "?"]
[White "Hossa"]
[Black "counterplay"]
[Result "0-1"]
[WhiteElo "2467"]
[BlackElo "2845"]
[Annotator "Fritz 5.32 (19s)"]
[PlyCount "92"]
[EventDate "1999.??.??"]

1. d4 Nf6 2. c4 e6 3. Nc3 Bb4 4. Bg5 h6 5. Bh4 c5 6. d5 Bxc3+ (6... b5 7. e4 g5
8. Bg3 Nxe4 9. Be5 O-O 10. Qh5 d6 11. Bd3 Nxc3 12. Qxh6 Ne4+ 13. Kf1 dxe5 14.
Bxe4 f5 15. Qg6+ Kh8 16. Qh6+ Kg8 17. Qg6+ Kh8 18. h4 g4 19. Qh6+ Kg8 20. Qg6+
{- Yermolinsky,A-Shabalov,A/ch-USA, Parsippany (3) 1996 (20)}) 7. bxc3 d6 8.
Qa4+ $146 (8. f3 Qe7 9. e4 e5 (9... Nbd7 10. Be2 Nf8 11. Bg3 e5 12. Bd3 g5 13.
Qc2 Ng6 14. Ne2 Nh5 15. O-O-O Bd7 16. Kb1 O-O-O 17. Ka1 Kb8 18. Rb1 Nhf4 19.
Bxf4 exf4 20. g3 Qf6 21. Rhf1 Rhf8 22. Nc1 Ne5 23. g4 h5 24. h3 {
Kanep,M-Bar,R/Eu Y Ch b14, Rimavska Sobota (3) 1996/0-1 (41)}) 10. Bd3 Nbd7 11.
Ne2 Nf8 12. Bf2 h5 13. h4 Ng6 14. Qd2 Bd7 15. Be3 Nh7 16. Ng3 Nxh4 17. Nxh5
O-O-O 18. Qf2 Nf6 19. Nxg7 Nxf3+ 20. Ke2 Nh2 21. Nf5 Qf8 22. Nxd6+ 22... Qxd6 {
Garcia Palermo,C-Giaccio,A/Clarin GP Final, Villa Gisell ARG 1998/0-1 (40)}) (
8. Nf3 e5 9. Nd2 Nbd7 10. Qc2 Qe7 11. e3 e4 12. Be2 g5 13. Bg3 Nf8 14. f3 Bf5
15. O-O-O N8d7 16. h4 O-O-O 17. fxe4 Bxe4 18. Bd3 Bxd3 19. Qxd3 Kc7 20. Rhf1
Ng4 21. Qe4 Nde5 22. Bxe5 22... Nxe5 {
Fernandez,M-Servat,R/Najdorf Open (3) 1995/0-1 (41)}) 8... Bd7 9. Qb3 b6 10. a4
O-O 11. a5 bxa5 12. Qb7 $17 (12. Bxf6 Qxf6 13. Rxa5 13... Bc8 $15) 12... Qb6 $1
{bleibt am Druecker} 13. Qxb6 (13. Qxa8 $2 {ist nur auf den ersten Blick gut}
13... Qb2 14. f3 Qxa1+ 15. Kf2 Qxc3 16. Bxf6 Qxf6 17. Qxa7 exd5 18. cxd5 18...
a4 $19) 13... axb6 14. Bxf6 gxf6 15. Rb1 $19 (15. g3 15... a4 $17) 15... Ra6
16. e3 16... Ba4 $17 (16... a4 17. Ra1 $19) 17. Nf3 Nd7 (17... Bc2 18. Ra1 $17)
18. Nd2 $19 (18. Kd2 18... Ne5 $17) 18... Bc2 19. Rb2 Bg6 20. Be2 (20. Nb1 Bxb1
21. Rxb1 21... a4 $19) 20... Ne5 (20... a4 21. Ra2 $19) 21. O-O 21... Bd3 $17 (
21... a4 22. Ra2 Rfa8 23. Ra3 $17) 22. Bxd3 Nxd3 23. Rb5 23... Ne5 $15 (23...
a4 $5 $17) 24. f4 Ng4 25. e4 h5 26. g3 (26. Rfb1 $5 26... Rb8 27. h3 $17) 26...
Kg7 (26... a4 27. Ra1 $17) 27. Rfb1 Rb8 28. Nf1 (28. h3 28... Nh6 $17) 28... a4
29. h3 Nh6 30. Ne3 a3 31. Kf2 Kg6 32. Rg1 $19 (32. Ra1 32... a2 $17) 32... f5 {
Schwarz haelt das Heft fest in der Hand} 33. exf5+ Nxf5 34. g4 hxg4 35. Nxg4 (
35. hxg4 Nxe3 36. Kxe3 Rh8 37. dxe6 Rh3+ 38. Kd2 38... fxe6 $19) 35... a2 36.
Ne5+ Kh5 37. Nc6 (37. Nd7 Rb7 38. Nf6+ 38... Kh4 $11) 37... Rba8 (37... Rg8 $1
{laesst dem Gegner kaum Chancen} 38. Ra1 Kh4 39. Kf3 $19) 38. Ra1 Ra3 39. Rxb6
(39. Rb2 39... Kh4 $19) 39... Rxc3 {Droht Matt} 40. dxe6 (40. Rb2 {
ist der letzte Strohhalm} 40... Rxh3 41. Kg1 $19) 40... Rc2+ 41. Kg1 Rg8+ 42.
Kh1 {Wenn Weiss nun zu Rxa2 kommt, geht es ihm besser} 42... Rgg2 43. Rb3 Rh2+
44. Kg1 Rcg2+ 45. Kf1 Nh4 46. e7 (46. Rxa2 {nuetzt auch nichts mehr} 46... Rh1#
) 46... Rh1# 0-1